Superticiones y prácticas populares acerca de la gestación en España (Record no. 81359)

MARC details
000 -LEADER
campo de control de longitud fija 00705nam a2200181 i 4500
001 - NÚMERO DE CONTROL
campo de control 81359
003 - IDENTIFICADOR DE NÚMERO DE CONTROL
campo de control ES-MaACL
005 - FECHA Y HORA DE LA ÚLTIMA TRANSACCIÓN
campo de control 20230906174424.0
007 - CAMPO FIJO DE DESCRIPCIÓN FÍSICA--INFORMACIÓN GENERAL
campo de control de longitud fija t|
008 - DATOS DE LONGITUD FIJA--INFORMACIÓN GENERAL
campo de control de longitud fija 041104s1940 po ||||1| por d
100 1# - ENTRADA PRINCIPAL--NOMBRE DE PERSONA
Nombre de persona Hoyos Sáinz, Luis de,
Fechas asociadas al nombre 1868-1951
9 (RLIN) 64437
245 10 - MENCIÓN DEL TÍTULO
Título Superticiones y prácticas populares acerca de la gestación en España
Resto del título : comunicaçao appresentada a la 3ª secçao do Congresso Nacional de Ciencias da populaçao /
Mención de responsabilidad, etc. pelo Luis de Hoyos Sáinz.
260 ## - PUBLICACIÓN, DISTRIBUCIÓN, ETC.
Lugar de publicación, distribución, etc. Porto :
Nombre del editor, distribuidor, etc. [s.n.,
Fecha de publicación, distribución, etc. 1940] (
Fabricante Imp. Portuguesa)
300 ## - DESCRIPCIÓN FÍSICA
Extensión 9 p. ;
Dimensiones 26 cm.
500 ## - NOTA GENERAL
Nota general Precede al tít.: Comemoraçoes portuguesas de 1940.
852 ## - LOCALIZACIÓN
Ubicación ES-MaACL
Número de control de estantería 1841-F-26
Sublocalización o colección R.19967
Holdings
Estatus retirado Estado de pérdida Estado de daño No para préstamo Colección Biblioteca de origen Biblioteca actual Ubicación en estantería Fecha de adquisición Fuente de adquisición Total de préstamos Signatura topográfica completa Código de barras Visto por última vez Precio de reemplazo Tipo de ítem Koha
        Colección de folletos Biblioteca del Ateneo de Madrid Biblioteca del Ateneo de Madrid Depósito folletos 17/01/2008     1841-F-26 1085050 23/02/2023 23/02/2023 Folleto